Statistics for Lord of the Rings by letter - C

Click here to take the quiz!

General Stats

  • This quiz has been taken 337 times
    (44 since last reset)
  • The average score is 4 of 9

Answer Stats

Hint Answer % Correct
The Lord of LothlorienCeleborn
92%
Rosie's last nameCotton
73%
A pass that leads Frodo and Sam to Shelob's lairCirith Ungol
68%
Island of Gondor in the Anduin{Cair} Andros
49%
The Fellowship attempts to cross this mountain, known as 'The Cruel'Caradhras
49%
The House of Kings in Minas Tirith, Beregond is a guard hereCitadel
43%
House in Buckland where the Hobbits leave Fredegar BolgerCrickhollow
32%
Another name for SarumanCurunir
27%
Field south of LothlorienCelebrant
8%

Score Distribution

Percentile by Number Answered

Percent of People with Each Score

Your Score History

You have not taken this quiz since the last reset